Представление документа в формате MARC21

Поле Инд. ПП Название Значение
Тип записи a
Библиографический уровень m
001 Контрольный номер 16a902017141438d9c7bc6a8b9def8ba
005 Дата корректировки 20260225145344.3
084 a Индекс другой классификации/Индекс ББК 3
091 i Возрастная адресация (DOS) 16+
097 b Оператор Кондратьева
245 10 a Заглавие Мое любимое хобби. Knitting
n Номер части/ раздела 1
260 c Дата издания 2026
900 a Имя макрообъекта 0000003906571
901 t Тип документа s